000 00496 a2200157 4500
005 20250605131706.0
020 _a978-3-030-72330-9
082 _a658.5 GLO
100 _aIVANOV, D.
245 _aGlobal Supply Chain and Operations Management: A Decision-Oriented Introduction to the Creation of Value
250 _a3rd Ed.
260 _aSwitzerland,
_bSpringer,
_c2021.
300 _axxxi,667p.; ill.; tables.
_bIndex.
_c23cm.
700 _aTSIPOULANIDIS, A. & SCHONBERGER, J.
942 _2ddc
_cBKS
999 _c3227
_d3227